Pulgarcito / (Registro nro. 12201)

Detalles MARC
000 -LIDER
fixed length control field 00757nam a22002417a 4500
003 - IDENTIFICACDOR DE NÚMERO DE CONTROL
control field DO-SdBNP
005 - DATE AND TIME OF LATEST TRANSACTION
control field 20240806105545.0
008 - ELEMENTOS DE LONGITUD FIJA
fixed length control field 161202b 2005 sp a 00| 0 spa d
020 ## - ISBN
International Standard Book Number 8496412598
040 ## - FUENTE DE CATALOGACIÓN
Agencia que crea de manera original el registro BPMSU
Idioma de catalogación spa
Agencia que realiza la transcripción BPMSU
082 #4 - NÚMERO DE CLASIFICACIÓN DECIMAL DE DEWEY
Classification number 843.47
Item number P454p 2005
Edition number 22
100 1# - ASIENTO PRINCIPAL -- NOMBRE PERSONAL
Nombre personal Perrault, Charles
Fechas asociadas con el nombre 1628-1703
9 (RLIN) 68
245 10 - MENCIÓN DE TITULO
Título Pulgarcito /
Mención de responsabilidad Charles Perrault ; ilustración Lancman Ink
260 ## - PUBLICACIÓN, DISTRIBUCIÓN, ETC. (PIE DE IMPRENTA)
Lugar de publicación, distribución, etc Madrid :
Nombre del editor, distribuidor, etc. Susaeta Ediciones,
Fecha de publicación, distribución, etc 2005.
300 ## - DESCRIPCIÓN FÍSICA
Extensión 46 p. :
Otros detalles físicos il, ;
Dimensiones 20 cm.
490 5# - MENCIÓN DE SERIES
Mención de serie Cuentos infantiles,
Volume/sequential designation 5
590 ## - NOTA LOCAL
Texto de la nota local Inventariado, 2024/VM
650 #4 - ENCABEZAMIENTO DE MATERIA--TEMÁTICO
Término temático o nombre geográfico como elemento de entrada Cuentos infantiles franceses
650 #4 - ENCABEZAMIENTO DE MATERIA--TEMÁTICO
Término temático o nombre geográfico como elemento de entrada Literatura infantil francesa
700 1# - ASIENTO SECUNDARIO -- NOMBRE PERSONAL
Nombre personal Ink, Lancman
Mención de responsabilidad ilustración
910 ## - VALIDACIÓN
Validación VMateo V. Control de calidad. BPMSUb
942 ## - ADDED ENTRY ELEMENTS (KOHA)
Source of classification or shelving scheme Dewey Decimal Classification
Koha item type Libros
Existencias
Withdrawn status Lost status Source of classification or shelving scheme Damaged status Not for loan Collection code Home library Current library Date acquired Source of acquisition Total Checkouts Full call number Barcode Date last seen Price effective from Koha item type
    Dewey Decimal Classification     Colección Infantil General Biblioteca Pública Metropolitana Salomé Ureña Biblioteca Pública Metropolitana Salomé Ureña 12/02/2016 FUNDI   BPMSU CGI 843.47 P454pu 2005 BPMSU16120049 12/02/2016 12/02/2016 Libros